000 00664nam a2200157Ia 4500
005 20250508155921.0
008 008 250505s9999 xx 000 0 eng d
037 _aBooks to be hide in OPAC
040 _aFEDL
_beng
_cFEDL
041 _aeng
_2eng
084 _a371.9309549, IND/O
_qFEDL
245 0 _aProceedings of the seminar on maladjustment of adolescent students to their academic and social surpoundings held in the osmania university, hyderabad (DECCAN) from 9th to 17th April 1955, organised by the Indian national commission for cooperation with U
300 _a48p.
942 _cHB
_h371.9309549, IND/O
999 _c1360073
_d1360073